000 00741nam a2200241 a 4500
001 32872
003 BD-RjUL
005 20211209051916.0
008 161205s1957 pk b 001 0 eng
035 _a(BD-RjUL)32962
035 _a(OCoLC)1409295
040 _aDLC
_cTxU
_dOCoLC
_dDLC
_dBD-RjUL
_beng
041 _aeng
082 _a297.2
_bDAR 1957
_223
100 1 _aDar, Bashir Ahmad.
_988499
245 1 0 _aReligious thought of Sayyid Ahmad Khan /
_cby Bashir Ahmad Dar.
260 _aLahore :
_bInstitute of Islamic Culture,
_c1957.
300 _avii, 304 p. ;
_c22 cm.
504 _aBibliographical footnotes & Includes Index.
600 2 0 _aAḥmad Khan, Sayyid.
_cSir,
_d1817-1898.
_9169248
942 _2ddc
_cBK
999 _c32872
_d32872